000 00625nam a2200169 a 4500
001 BRCA_2120
005 20190320203657.0
008 120808s1991----mx-#---###---#000-0#spa-#
050 4 _aF1391.P8
_b.L43 64
_c1991
100 1 _aTirado Villegas, Gloria
_95437
245 1 0 _aLas comunicaciones en el Estado de Puebla
_bel porfiriato
_cGloria Tirado Villegas.
260 _aPuebla, México
_bGobierno del Estado de Puebla : Secretaría de Cultura : Comisión Puebla V Centenario
_c1991
300 _a20 p.
_c21 cm.
440 0 _aLecturas Históricas de Puebla
_n64
_96413
651 4 _aPuebla (México)
_xHistoria
_9409
942 _2lcc
_cB
999 _c1877
_d1877